Sreemahabharatam Vol VII (Record no. 27155)

MARC details
000 -LEADER
fixed length control field 00499nam a2200181Ia 4500
003 - CONTROL NUMBER IDENTIFIER
control field OSt
005 - DATE AND TIME OF LATEST TRANSACTION
control field 20220901133234.0
008 - FIXED-LENGTH DATA ELEMENTS--GENERAL INFORMATION
fixed length control field 211109s9999||||xx |||||||||||||| ||und||
040 ## - CATALOGING SOURCE
Transcribing agency SBCL
082 ## - DEWEY DECIMAL CLASSIFICATION NUMBER
Classification number 294.5923
Item number TAM-S
100 ## - MAIN ENTRY--PERSONAL NAME
Personal name Tampuran, Kunjikuttan
245 #0 - TITLE STATEMENT
Title Sreemahabharatam Vol VII
260 ## - PUBLICATION, DISTRIBUTION, ETC.
Name of publisher, distributor, etc. SAHISTHIYAPRAVARTHAKA CO-OPERATIVE SOCIETY
Place of publication, distribution, etc. KOTTAYAM
Date of publication, distribution, etc. 1906
300 ## - PHYSICAL DESCRIPTION
Extent 1053p.
630 ## - SUBJECT ADDED ENTRY--UNIFORM TITLE
General subdivision POST GRADUATE REFERENCE
650 ## - SUBJECT ADDED ENTRY--TOPICAL TERM
Topical term or geographic name entry element Religion
942 ## - ADDED ENTRY ELEMENTS (KOHA)
Koha item type BOOK
650 ## - SUBJECT ADDED ENTRY--TOPICAL TERM
Form subdivision Hinduismholy book
General subdivision Malayalam
Holdings
Withdrawn status Lost status Source of classification or shelving scheme Damaged status Not for loan Home library Current library Date acquired Cost, normal purchase price Full call number Barcode Shelving location Date last seen Price effective from Koha item type
    Dewey Decimal Classification     SB LIBRARY SB LIBRARY 09/11/2021 18.00 294.5923 TAM-S 00027974 POST GRADUATE REFERENCE 09/11/2021 09/11/2021 BOOK

Powered by Koha